| 000 | 00328nam a2200109Ia 4500 | ||
|---|---|---|---|
| 008 | 190907s9999||||xx |||||||||||||| ||und|| | ||
| 100 | _aChristoper A.Bartlett | ||
| 245 | 0 | _aTransnational Management text, case and reading in cross border Management | |
| 260 |
_aNew York _bIrwin McGraw Hill _c2000 |
||
| 300 | _a880 | ||
| 942 | _cBK | ||
| 999 |
_c6418 _d6418 |
||